The common weeds among tea gardens / (Record no. 29759)

MARC details
000 -LEADER
fixed length control field 00884nam a22002297a 4500
005 - DATE AND TIME OF LATEST TRANSACTION
control field 20090828155332.0
008 - FIXED-LENGTH DATA ELEMENTS--GENERAL INFORMATION
fixed length control field 090828t xxu||||| |||| 00| 0 eng d
010 ## - LCCN (DPL NO)
LC control number ENG-94957
020 ## - INTERNATIONAL STANDARD BOOK NUMBER
Terms of availability 220.00
International Standard Book Number 9789380015163
035 ## - SYSTEM CONTROL NUMBER
System control number EN-78490
037 ## - SOURCE OF ACQUISITION
Source of stock number/acquisition DBAD / PUB
040 ## - CATALOGING SOURCE
Original cataloging agency dpl
Language of cataloging English
082 ## - DEWEY DECIMAL CLASSIFICATION NUMBER
Classification number 632.5
100 ## - MAIN ENTRY--PERSONAL NAME
Personal name Krishnamurthy, R.
245 ## - TITLE STATEMENT
Title The common weeds among tea gardens /
Statement of responsibility, etc by R. Krishnamurthy
260 ## - PUBLICATION, DISTRIBUTION, ETC. (IMPRINT)
Place of publication, distribution, etc Tamilnadu
Name of publisher, distributor, etc Annamalaiyar Educational Publications
Date of publication, distribution, etc 2008
270 ## - ADDRESS
Address 8/305, Thulasinga Nagar, Valparai Post
City Tamilnadu
Postal code 642127
300 ## - PHYSICAL DESCRIPTION
Extent 129p. :
Dimensions 23cm((pbk) )
Other physical details b&w photos
500 ## - GENERAL NOTE
General note Includes references
942 ## - ADDED ENTRY ELEMENTS (KOHA)
Source of classification or shelving scheme Dewey Decimal Classification
Item type English Books
Call number suffix KRI
Classification part 632.5
Holdings
Withdrawn status Lost status Source of classification or shelving scheme Damaged status Not for loan Collection code Home library Current library Date acquired Source of acquisition Cost, normal purchase price Total Checkouts Full call number Barcode Date last seen Copy number Cost, replacement price Koha item type
    Dewey Decimal Classification   Not For Loan Non-fiction D.B.Act.Division D.B.Act.Division 28/08/2009 DBAD / PUB 220.00   632.5 KRI EN-78490 28/08/2009 1 220.00 English Books

© Delhi Public Library
Hit Counter
free hit counter